Central Library OPAC University of Rajshahi
Normal view MARC view

Entry Uniform Title

Number of records used in: 2

001 - CONTROL NUMBER

  • control field: 4940

003 - CONTROL NUMBER IDENTIFIER

  • control field: BD-RjUL

005 - DATE AND TIME OF LATEST TRANSACTION

  • control field: 20220922120108.0

008 - FIXED-LENGTH DATA ELEMENTS

  • fixed length control field: 220922|| aca||aabn | a|a d

040 ## - CATALOGING SOURCE

  • Original cataloging agency: BD-RjUL
  • Transcribing agency: BD-RjUL

130 ## - HEADING--UNIFORM TITLE

  • Uniform title: International library of sociology and social reconstruction

670 ## - SOURCE DATA FOUND

  • Source citation: Work cat.: (BD-RjUL)57840: Ogburn, William F., 1886-1959. 70025, A Handbook of Sociology /, 1953 [reprinted 1956]